_Essential of Psychology .-4th ed Kelly Bouas Henry (Record no. 14201)
[ view plain ]
| 000 -LEADER | |
|---|---|
| fixed length control field | 00433nam a2200145Ia 4500 |
| 008 - FIXED-LENGTH DATA ELEMENTS--GENERAL INFORMATION | |
| fixed length control field | 151021s9999 xx 000 0 und d |
| 020 ## - INTERNATIONAL STANDARD BOOK NUMBER | |
| International Standard Book Number | 9.7806188243e+012 |
| 050 ## - LIBRARY OF CONGRESS CALL NUMBER | |
| Classification number | BF121 .B45 2008 |
| 245 ## - TITLE STATEMENT | |
| Title | _Essential of Psychology .-4th ed Kelly Bouas Henry |
| 260 ## - PUBLICATION, DISTRIBUTION, ETC. (IMPRINT) | |
| Place of publication, distribution, etc. | Boston Houghton Mifflin company 2008 |
| 300 ## - PHYSICAL DESCRIPTION | |
| Extent | xi,372p. |
| 650 ## - SUBJECT ADDED ENTRY--TOPICAL TERM | |
| Topical term or geographic name as entry element | _Psychology |
| 700 ## - ADDED ENTRY--PERSONAL NAME | |
| Personal name | _Douglas A.Bernstein |
| 980 ## - EQUIVALENCE OR CROSS-REFERENCE-SERIES STATEMENT--PERSONAL NAME/TITLE [LOCAL, CANADA] | |
| Personal name | ^d20130617 11:00:09^oanne |
No items available.